La Grèce antique : géographie et premières civilisations - Statistiques

Statistiques générales
  • Ce quiz a été pris 45 fois
  • Le résultat moyen est 7 sur 15
Statistiques - réponses
Hint Réponse % Correct
Quelle mer, située à l’est du territoire grec, joue un rôle fondamental dans la navigation et le commerce ? mer Égée
89%
Quel type d’élevage domine en Grèce antique à cause du relief montagneux ? chèvres et moutons
72%
Quelle civilisation se développe ensuite, en Crète, autour de palais comme Cnossos et Phaistos ? civilisation minoenne
61%
Quel pourcentage approximatif du territoire grec est cultivable ? 20 %
58%
Quels deux métaux manquent à la Grèce, la forçant à les importer pour fabriquer du bronze ? cuivre et étain
58%
Dans quelle région se développe la civilisation cycladique ? îles des Cyclades
58%
Quelle est la "trilogie méditerranéenne" sur laquelle repose l’agriculture grecque ? blé, vigne et olivier
53%
Et l’axe Nord-Sud permet de rejoindre la mer Noire ou quel autre pays ? Égypte
53%
Quelle civilisation succède aux Minoens et domine le continent grec à partir de 1600 av. J.-C. ? civilisation mycénienne
44%
La Grèce antique se situe au carrefour de deux grands axes de communication : l’un Est-Ouest relie l’Europe à quelle région ? Asie mineure
36%
Comment s’appelle l’écriture minoenne déchiffrée au XXe siècle par les archéologues ? Linéaire B
31%
Au Néolithique (vers 6500 av. J.-C.), quelle grande transformation apparaît ? agriculture
28%
Les premières traces humaines en Grèce remontent à environ combien d’années avant J.-C. ? 40 000
14%
Cette pauvreté en ressources naturelles pousse les Grecs vers quel type d’activité économique ? commerce maritime
11%
Pourquoi les cités grecques sont-elles politiquement morcelées ? à cause du relief montagneux et du cloisonnement par les montagnes
8%
Aucun quiz correspondant
Distribution des résultats
% des personnes avec chaque résultat
Percentile par nombre de réponses
Votre historique - résultats
Vous n’avez pas pris ce quiz